THE PATH AHEAD: TRANSFORMATIVE IDEAS FOR INDIA (Record no. 28719)

MARC details
000 -LEADER
fixed length control field 00342nam a22001457a 4500
003 - CONTROL NUMBER IDENTIFIER
control field SGT
020 ## - INTERNATIONAL STANDARD BOOK NUMBER
International Standard Book Number 9789353041502
082 ## - DEWEY DECIMAL CLASSIFICATION NUMBER
Classification number 320.954
Item number T18K
100 ## - MAIN ENTRY--PERSONAL NAME
Personal name KANT, AMITABH
245 ## - TITLE STATEMENT
Title THE PATH AHEAD: TRANSFORMATIVE IDEAS FOR INDIA
260 ## - PUBLICATION, DISTRIBUTION, ETC. (IMPRINT)
Name of publisher, distributor, etc RUPA PUBLICATIONS
Year of Publication 2018
300 ## - PAGE DESCRIPTION
No. of Pages 346
650 ## - SUBJECT ADDED ENTRY--TOPICAL TERM
Topical term or geographic name as entry element POLITICAL SCIENCE
942 ## - ADDED ENTRY ELEMENTS (KOHA)
Source of classification or shelving scheme Dewey Decimal Classification
Koha item type Books
Holdings
Withdrawn status Lost status Source of classification or shelving scheme Damaged status Not for loan Home library Current library Shelving location Date acquired SGTU Total Checkouts Full call number Accession No. (Barcode) Date last seen Bill Date Koha item type
    Dewey Decimal Classification   Not For Loan SGT Chancellor's Library SGT Chancellor's Library Reference Book 08/01/2025 SGTU   320.954 T18K CH1559 08/01/2025 08/01/2025 Books